000 00397nam a22001697a 4500
003 MACL
005 20151226161720.0
008 151226b xxu||||| |||| 00| 0 eng d
040 _cMACL
041 _aEnglish
082 _a792/THI
100 _aThiyam,Ratan
_922975
245 _aManipuri Dance
260 _aNew Delhi
_bShubhi Publications
_c2010
650 _aDance
_922976
942 _2ddc
_cBK
999 _c52009
_d52009